[Didaktika personalistiky]

Recenzia na vysokoškolské skriptá, ktoré rozoberajú problematiku z vedného odboru personálny manažment. Učebný text je rozčlenený do deviatich kapitol.

Gespeichert in:
Bibliographische Detailangaben
1. Verfasser: Velichová, Ľudmila
Format: Buchkapitel
Sprache:Slowakisch
Schlagworte:
Tags: Tag hinzufügen
Keine Tags, Fügen Sie das erste Tag hinzu!

MARC

LEADER 00000naa a2200000 4500
001 0117931
005 20240502072323.2
041 0 |a slo 
044 |a SK 
245 1 0 |a [Didaktika personalistiky]  |c Ľudmila Velichová 
520 |a Recenzia na vysokoškolské skriptá, ktoré rozoberajú problematiku z vedného odboru personálny manažment. Učebný text je rozčlenený do deviatich kapitol. 
610 2 0 |a recenzie 
610 2 0 |a manažment personálny 
610 2 0 |a personalistika 
610 2 0 |a riadenie ľudských zdrojov 
610 2 0 |a didaktika 
100 1 |a Velichová, Ľudmila